[Event "Superettan(SodraSASS-Kristallen)"]
[Site "?"]
[Date "2019.02.02"]
[Round "5"]
[White "Andersson, Goran L"]
[Black "Adler, Bo"]
[Result "1/2-1/2"]
[WhiteElo "2249"]
[BlackElo "2176"]
[PlyCount "120"]
1. d4 Nf6 2. Nf3 e6 3. Bf4 d5 4. e3 Bd6 5. Nbd2 O-O 6. Bd3 b6 7. O-O c5 8. Ne5
Qc7 9. Bg3 Ba6 10. Bxa6 Nxa6 11. f4 Nb4 12. c3 Nc6 13. Qf3 Nd7 14. Nxc6 Qxc6
15. f5 exf5 16. Bxd6 Qxd6 17. Qxf5 Rae8 18. e4 cxd4 19. Qxd5 Qxd5 20. exd5 dxc3
21. bxc3 Re5 22. c4 Rfe8 23. Nf3 Re2 24. Nd4 Rd2 25. Rfd1 Rxd1+ 26. Rxd1 Re3
27. Nc6 a5 28. Kf2 Rc3 29. Re1 Kf8 30. Re7 Nc5 31. Ra7 g6 32. Ne5 f6 33. Nd7+
Nxd7 34. Rxd7 Rxc4 35. Rxh7 Rd4 36. Rb7 Rxd5 37. Rxb6 Rd2+ 38. Ke3 Rxa2 39.
Rxf6+ Kg7 40. Ra6 Rxg2 41. Rxa5 Rxh2 42. Kf3 Rb2 43. Kg4 Kh6 44. Rc5 Rb4+ 45.
Kg3 Re4 46. Rb5 Re1 47. Kg4 Rg1+ 48. Kh4 g5+ 49. Kh3 Re1 50. Rb8 Re3+ 51. Kg4
Re4+ 52. Kg3 Rc4 53. Rh8+ Kg7 54. Rb8 Rf4 55. Rb6 Rf6 56. Rxf6 Kxf6 57. Kg4 Kg6
58. Kg3 Kf5 59. Kf3 g4+ 60. Kg3 Kg5 1/2-1/2

[Event "Superettan(SodraSASS-Kristallen)"]
[Site "?"]
[Date "2019.02.02"]
[Round "5"]
[White "Fors, Tomas"]
[Black "Persson, Andreas"]
[Result "1-0"]
[WhiteElo "2160"]
[BlackElo "2107"]
[PlyCount "57"]
1. d4 Nf6 2. c4 e6 3. Nc3 Bb4 4. e3 O-O 5. Nge2 c6 6. a3 Ba5 7. b4 Bc7 8. Ng3
d5 9. cxd5 exd5 10. Bd3 Re8 11. O-O Nbd7 12. Qc2 Nf8 13. f3 Qd6 14. Qf2 Ne6 15.
Bb2 h5 16. f4 a5 17. b5 c5 18. Nf5 Qd8 19. Qg3 g6 20. Nh6+ Kg7 21. Nxf7 Kxf7
22. Bxg6+ Kf8 23. Bxe8 Nxe8 24. dxc5 Nxc5 25. Rad1 Be6 26. Qg6 Qf6 27. Qh7 Bf7
28. Na4 Qe7 29. Qh6+ 1-0

[Event "Superettan(SodraSASS-Kristallen)"]
[Site "?"]
[Date "2019.02.02"]
[Round "5"]
[White "Hesselborn, Per Ove"]
[Black "Soderberg, Per"]
[Result "1/2-1/2"]
[WhiteElo "2152"]
[BlackElo "2136"]
[PlyCount "99"]
1. Nf3 d5 2. d4 Nf6 3. Bf4 e6 4. e3 Bd6 5. Bg3 O-O 6. Nbd2 b6 7. c3 a5 8. Bd3
Ba6 9. Bxa6 Nxa6 10. Ne5 c5 11. O-O Qc7 12. Qe2 Nb8 13. Qd3 Nh5 14. Nef3 Nxg3
15. hxg3 Nd7 16. e4 dxe4 17. Nxe4 Be7 18. Rfd1 Rad8 19. Qe2 Nf6 20. Nxf6+ Bxf6
21. Qc4 Rd5 22. dxc5 Rxc5 23. Qe2 Rd8 24. Rxd8+ Qxd8 25. Rd1 Rd5 26. Rd2 g6 27.
Qd1 Rxd2 28. Qxd2 Qc7 29. a4 Qc4 30. Qf4 Qxf4 31. gxf4 Be7 32. Ne5 Bd6 33. Nc4
Bc5 34. b4 axb4 35. cxb4 Bxb4 36. Nxb6 Kf8 37. Nc4 Ke7 38. Kf1 f6 39. Ke2 Kd7
40. Kd3 Kc6 41. g4 Be1 42. f3 Bg3 43. Ke3 h5 44. g5 fxg5 45. Ne5+ Kb6 46. Nxg6
gxf4+ 47. Nxf4 h4 48. Nh3 Ka5 49. f4 Kxa4 50. Ke4 1/2-1/2

[Event "Superettan(SodraSASS-Kristallen)"]
[Site "?"]
[Date "2019.02.02"]
[Round "5"]
[White "Alquist, Erik"]
[Black "Naslund, Mikael"]
[Result "1/2-1/2"]
[WhiteElo "2034"]
[BlackElo "2188"]
[PlyCount "114"]
1. e4 d5 2. exd5 Nf6 3. d4 Bg4 4. f3 Bf5 5. Bb5+ c6 6. dxc6 Nxc6 7. c4 Qb6 8.
Nc3 O-O-O 9. Bxc6 bxc6 10. Nge2 e5 11. d5 Bb4 12. a3 Bxc3+ 13. Nxc3 cxd5 14.
cxd5 Nxd5 15. Nxd5 Qa5+ 16. b4 Qxd5 17. Qxd5 Rxd5 18. Be3 Kb7 19. Ke2 e4 20.
Rhc1 exf3+ 21. gxf3 Rd3 22. Kf2 Re8 23. Bf4 Re7 24. Rc5 Be6 25. Re5 Red7 26.
Re3 Rd2+ 27. Re2 Rxe2+ 28. Kxe2 Bc4+ 29. Kf2 Rd3 30. a4 Bd5 31. Be3 f5 32. Ke2
Rb3 33. b5 Rb2+ 34. Bd2 Bxf3+ 35. Kxf3 Rxd2 36. Re1 Rd7 37. Re6 Kc8 38. Ra6 g5
39. Rf6 Rd3+ 40. Kf2 f4 41. h4 gxh4 42. Rxf4 h3 43. Rh4 Ra3 44. Rxh7 Rxa4 45.
Rxh3 Rb4 46. Rh5 Kb7 47. Ke2 Kb6 48. Kd2 Rxb5 49. Rxb5+ Kxb5 50. Kc2 Kb4 51.
Kb2 a5 52. Ka2 a4 53. Kb2 a3+ 54. Ka2 Ka4 55. Ka1 Kb3 56. Kb1 a2+ 57. Ka1 Ka3
1/2-1/2

[Event "Superettan(SodraSASS-Kristallen)"]
[Site "?"]
[Date "2019.02.02"]
[Round "5"]
[White "Willinger, Tim"]
[Black "Broden, Per"]
[Result "0-1"]
[WhiteElo "2088"]
[BlackElo "2008"]
[PlyCount "86"]
1. d4 c5 2. d5 g6 3. c4 b5 4. cxb5 a6 5. b6 Qxb6 6. Nc3 Bg7 7. Nf3 d6 8. e4 a5
9. Be2 Ba6 10. O-O Nd7 11. Bxa6 Qxa6 12. Bf4 Ngf6 13. h3 O-O 14. Qd2 Rfc8 15.
Rfe1 Nh5 16. Bh2 Ne5 17. Bxe5 dxe5 18. g3 Rab8 19. a4 Rb4 20. Qe2 c4 21. Nb5
Qb6 22. Red1 Nxg3 23. Qc2 Nh5 24. Ra3 Nf4 25. Kh2 c3 26. bxc3 Rxe4 27. Rd2 Rb4
28. Qd1 Rbc4 29. d6 Bf8 30. d7 Rd8 31. Nxe5 Qe6 32. Qf1 Re4 33. Nd4 Qxe5 34.
Nc6 Qc7 35. Nxd8 Ne6+ 36. Kg1 Nxd8 37. Qa6 Re1+ 38. Kg2 Qf4 39. Rd4 Qg5+ 40.
Rg4 Qd5+ 41. Kg3 Rg1+ 42. Kf4 e5+ 43. Kg5 e4+ 0-1

[Event "Superettan(SodraSASS-Kristallen)"]
[Site "?"]
[Date "2019.02.02"]
[Round "5"]
[White "Franzen, Bo"]
[Black "Hedstrom, Johan"]
[Result "0-1"]
[WhiteElo "1734"]
[BlackElo "2083"]
[PlyCount "68"]
1. e4 c5 2. b4 cxb4 3. Bb2 d5 4. exd5 Qxd5 5. d4 Nf6 6. c4 bxc3 7. Nxc3 Qa5 8.
Bc4 e6 9. Nf3 Ba3 10. Qb3 Bxb2 11. Qxb2 O-O 12. O-O Nc6 13. Rad1 Rd8 14. Ne2 b6
15. Nf4 Ba6 16. Bxa6 Qxa6 17. Qc3 Ne7 18. Qe3 Ned5 19. Qe5 Nxf4 20. Qxf4 Qxa2
21. Rfe1 Nd5 22. Qh4 Qa3 23. Ne5 Qe7 24. Qg4 Rac8 25. h4 Rc7 26. Rd3 Nf6 27.
Qf4 Rdc8 28. Rf3 Nd5 29. Qe4 f5 30. Rxf5 Nc3 31. Qc2 exf5 32. Qb3+ Kh8 33. Qxc3
Rxc3 34. Ng6+ hxg6 0-1

[Event "Superettan(Upsala-Vasteras II)"]
[Site "?"]
[Date "2019.02.02"]
[Round "5"]
[White "Nilsson, Andre"]
[Black "Johansson, Jan"]
[Result "1/2-1/2"]
[WhiteElo "2262"]
[BlackElo "2344"]
[PlyCount "225"]
1. g3 e5 2. Bg2 Bc5 3. c3 Nc6 4. d4 exd4 5. b4 Bb6 6. b5 Na5 7. cxd4 d5 8. Nc3
Be6 9. Nf3 Nf6 10. Bg5 Nc4 11. O-O Ba5 12. Rc1 a6 13. Ne5 Bxc3 14. Nxc4 axb5
15. Ne3 b4 16. Bxf6 gxf6 17. Qd3 c6 18. Nd1 Rxa2 19. Nxc3 bxc3 20. Rxc3 O-O 21.
Qb1 Qa5 22. Rc5 Qd2 23. Qxb7 Qxd4 24. Rxc6 Rxe2 25. Rd6 Rb2 26. Qe7 Rfb8 27.
Rxe6 fxe6 28. Qxe6+ Kh8 29. Qxd5 Qxd5 30. Bxd5 Rd2 31. Be4 Rb4 32. Bf5 Rbb2 33.
Kg2 Kg7 34. Kf3 h6 35. Kg2 Kf8 36. Bg4 Ke7 37. Re1+ Kd8 38. Rd1 Kc7 39. Rxd2
Rxd2 40. Kf3 Kd6 41. Ke3 Ra2 42. Be2 Kd5 43. Bd3 Ke5 44. Be4 Ra3+ 45. Bd3 Kd5
46. h4 Ra1 47. Kf4 Kd4 48. Be4 Ra2 49. f3 Ra5 50. g4 Rb5 51. Bg6 Kc3 52. Ke3
Ra5 53. Be4 Re5 54. Kf4 Kd2 55. Bf5 Rc5 56. g5 hxg5+ 57. hxg5 fxg5+ 58. Kxg5
Ke3 59. Kf6 Kf4 60. Be4 Re5 61. Bc2 Rc5 62. Be4 Re5 63. Bc2 Rh5 64. Be4 Rh6+
65. Bg6 Rh8 66. Be4 Re8 67. Bc6 Rb8 68. Ke6 Rd8 69. Be4 Rh8 70. Kf6 Rh6+ 71.
Bg6 Kxf3 72. Kg7 Rh2 73. Bh7 Kf4 74. Bg6 Ke5 75. Bf7 Rb2 76. Bg8 Rb7+ 77. Kh8
Kf6 78. Bh7 Rb4 79. Bg8 Kg6 80. Bh7+ Kf7 81. Bg8+ Kf8 82. Bh7 Rg4 83. Bc2 Rg3
84. Be4 Rg8+ 85. Kh7 Rg4 86. Bc2 Kf7 87. Bb3+ Kf6 88. Kh8 Rh4+ 89. Kg8 Rh2 90.
Bd5 Rd2 91. Be4 Rd8+ 92. Kh7 Rd7+ 93. Kh8 Kf7 94. Bc2 Rd2 95. Bb3+ Kg6 96. Bc4
Rd4 97. Bb3 Rh4+ 98. Kg8 Kf6 99. Bc2 Rc4 100. Bd3 Rg4+ 101. Kh8 Rg3 102. Be4
Re3 103. Bb1 Re8+ 104. Kh7 Re7+ 105. Kh8 Re1 106. Bd3 Re3 107. Bb1 Rb3 108. Bc2
Rb4 109. Bd3 Kf7 110. Bc2 Rb8+ 111. Kh7 Rb2 112. Bg6+ Kf6 113. Bd3 1/2-1/2

[Event "Superettan(Upsala-Vasteras II)"]
[Site "?"]
[Date "2019.02.02"]
[Round "5"]
[White "Nilsson, Joakim"]
[Black "Eriksson, Anders"]
[Result "1-0"]
[WhiteElo "2299"]
[BlackElo "2230"]
[PlyCount "71"]
1. d4 Nf6 2. Nf3 e6 3. c4 Bb4+ 4. Bd2 a5 5. g3 d5 6. Bg2 O-O 7. O-O Bxd2 8.
Nbxd2 b6 9. Qc2 Bb7 10. Rfd1 Na6 11. a3 c5 12. Rac1 cxd4 13. Nxd4 Rc8 14. Qb1
Qe7 15. cxd5 Bxd5 16. e4 Ba8 17. Nc4 Qb7 18. Nb5 Rc5 19. Nbd6 Qb8 20. b4 axb4
21. axb4 Rc7 22. Nb5 Rd7 23. Rxd7 Nxd7 24. Ncd6 e5 25. Qb2 Bb7 26. Bh3 Nf6 27.
Rc4 Rd8 28. Qxe5 Ne8 29. Rd4 Nxb4 30. Qe7 Nxd6 31. Nxd6 Nc6 32. Qxf7+ Kh8 33.
Qe6 Rf8 34. Rd1 g6 35. Qd7 Ba8 36. Nf7+ 1-0

[Event "Superettan(Upsala-Vasteras II)"]
[Site "?"]
[Date "2019.02.02"]
[Round "5"]
[White "Janse, Love"]
[Black "Johansson, Thomas"]
[Result "0-1"]
[WhiteElo "2187"]
[BlackElo "2235"]
[PlyCount "50"]
1. e4 e6 2. d3 d5 3. Qe2 Nf6 4. Nf3 c5 5. g3 Nc6 6. Bg2 Be7 7. O-O O-O 8. e5
Nd7 9. c4 d4 10. h4 Rb8 11. Bf4 b5 12. Nbd2 Na5 13. cxb5 Rxb5 14. Ne4 Bb7 15.
b3 Bd5 16. Bg5 Nc6 17. Rac1 Ncxe5 18. Nxe5 Nxe5 19. Rxc5 Rxc5 20. Nxc5 f6 21.
Rc1 Bxg2 22. Nxe6 Qd5 23. Nxf8 Bf3 24. Qe1 Bh1 25. Kf1 Bg2+ 0-1

[Event "Superettan(Upsala-Vasteras II)"]
[Site "?"]
[Date "2019.02.02"]
[Round "5"]
[White "Johansson, Carl Fredrik"]
[Black "Nordebrink, Johan"]
[Result "0-1"]
[WhiteElo "2228"]
[BlackElo "2117"]
[PlyCount "60"]
1. d4 Nf6 2. c4 e6 3. Nc3 Bb4 4. e3 O-O 5. Bd3 d5 6. Nf3 c5 7. O-O Nc6 8. a3
Bxc3 9. bxc3 Re8 10. h3 Qc7 11. cxd5 exd5 12. Nd2 Ne7 13. g4 Ng6 14. Qf3 cxd4
15. g5 Qxc3 16. Bxg6 hxg6 17. Rb1 Ne4 18. Nxe4 dxe4 19. Qg3 d3 20. Bb2 Qa5 21.
Rfc1 Be6 22. Bc3 Qd5 23. a4 Rac8 24. Rb5 d2 25. Rd1 Qd3 26. Bb2 Qe2 27. Qe5
Qxd1+ 28. Kh2 f6 29. gxf6 Qf3 30. f7+ Qxf7 0-1

[Event "Superettan(Upsala-Vasteras II)"]
[Site "?"]
[Date "2019.02.02"]
[Round "5"]
[White "Backman, Andreas"]
[Black "Malm Lindberg, Henrik"]
[Result "1/2-1/2"]
[WhiteElo "2109"]
[BlackElo "2179"]
[PlyCount "88"]
1. g3 Nf6 2. Bg2 d5 3. Nf3 Bf5 4. O-O c6 5. b3 e6 6. Bb2 Nbd7 7. d3 h6 8. Nbd2
Bc5 9. e4 Bh7 10. Qe2 O-O 11. a3 a5 12. Ne5 Nxe5 13. Bxe5 Qe7 14. Bb2 Rfd8 15.
Kh1 Rd7 16. e5 Ne8 17. f4 a4 18. b4 Bb6 19. Bh3 c5 20. g4 cxb4 21. f5 Rc7 22.
g5 exf5 23. gxh6 Rxc2 24. Rab1 b3 25. hxg7 Nxg7 26. e6 Qxe6 27. Qg2 Bg6 28.
Rbe1 Qxe1 29. Rxe1 Rxb2 30. Qxd5 Rxd2 31. Qxb7 Rd8 32. Qxb6 R8xd3 33. Qb8+ Rd8
34. Qb4 f4 35. Bg2 b2 36. Bf3 Ne6 37. Rg1 Rf2 38. Qe4 Rdd2 39. Rxg6+ fxg6 40.
Qxe6+ Kg7 41. Qe7+ Kg8 42. Qe6+ Kg7 43. Qe5+ Kh7 44. Qe7+ Kg8 1/2-1/2

[Event "Superettan(Upsala-Vasteras II)"]
[Site "?"]
[Date "2019.02.02"]
[Round "5"]
[White "Wagner, Stephan"]
[Black "Gillefalk, Bjorn"]
[Result "0-1"]
[WhiteElo "2218"]
[BlackElo "2092"]
[PlyCount "62"]
1. c4 e5 2. Nc3 Nf6 3. g3 c6 4. d4 e4 5. Bg5 Bb4 6. Qb3 Bxc3+ 7. Qxc3 O-O 8.
Nh3 h6 9. Bxf6 Qxf6 10. Nf4 d6 11. h4 Bg4 12. Qe3 Na6 13. O-O-O d5 14. cxd5 Nb4
15. Kb1 Nxd5 16. Nxd5 cxd5 17. Bh3 Bxh3 18. Rxh3 Rac8 19. g4 Qc6 20. Qd2 Qg6
21. h5 Qxg4 22. Rg3 Qxh5 23. Rdg1 Kh8 24. Qe3 Rg8 25. Rh3 Qf5 26. Rg5 Qf6 27.
Rxd5 Rc6 28. Rhh5 Rgc8 29. Rc5 b6 30. Rcf5 Qg6 31. Rfg5 Qe6 0-1

[Event "Superettan(Upsala-Vasteras II)"]
[Site "?"]
[Date "2019.02.02"]
[Round "5"]
[White "Zarytovskaya, Margo"]
[Black "Burwick, Malte"]
[Result "0-1"]
[WhiteElo "1799"]
[BlackElo "2228"]
[PlyCount "76"]
1. e4 g6 2. d4 Bg7 3. Nf3 d6 4. Bc4 e6 5. O-O Ne7 6. Nc3 a6 7. a4 b6 8. Bg5 h6
9. Bh4 Nd7 10. Ne1 O-O 11. f4 Qe8 12. Qd3 Nf6 13. Nf3 d5 14. Ba2 Bb7 15. Nd2
dxe4 16. Ncxe4 Nxe4 17. Nxe4 Bxe4 18. Qxe4 Nf5 19. Bf2 Nd6 20. Qf3 Rd8 21. Rfe1
Qxa4 22. Bxe6 Qb5 23. Bb3 Nf5 24. d5 Bxb2 25. Rab1 Bf6 26. c4 Qd7 27. Rbd1 Rfe8
28. Rxe8+ Rxe8 29. Bc2 Nd6 30. Bd3 a5 31. h4 h5 32. c5 bxc5 33. Bxc5 a4 34.
Bxd6 Qxd6 35. f5 Kg7 36. Bb1 Qb4 37. Rf1 Qd4+ 38. Qf2 Re2 0-1

[Event "Superettan(Upsala-Vasteras II)"]
[Site "?"]
[Date "2019.02.02"]
[Round "5"]
[White "Cardenas, William"]
[Black "Bjorkman, Filip"]
[Result "0-1"]
[WhiteElo "2119"]
[BlackElo "1908"]
[PlyCount "130"]
1. e4 e5 2. Nf3 Nc6 3. Bb5 a6 4. Ba4 Nf6 5. O-O b5 6. Bb3 Bc5 7. d3 d6 8. c3
O-O 9. Bg5 h6 10. Bh4 g5 11. Bg3 Bb6 12. a4 Rb8 13. axb5 axb5 14. Na3 b4 15.
Nc4 bxc3 16. bxc3 Bg4 17. Ba4 Ne7 18. Ne3 Be6 19. Nd2 Ng6 20. Nf5 Kh7 21. Bc2
Ne7 22. d4 Bxf5 23. exf5 exd4 24. h4 dxc3 25. hxg5 cxd2 26. gxf6 Ng8 27. Qxd2
Qxf6 28. Ra4 Qg5 29. f6+ Kh8 30. Bf4 Qxf6 31. Be3 Qg7 32. Qd3 Bxe3 33. fxe3 f5
34. Raf4 Ne7 35. e4 Ng6 36. Rxf5 Ne5 37. Qh3 Rxf5 38. exf5 Qf6 39. Bb3 c5 40.
Be6 Rd8 41. Rd1 Nc6 42. Kh1 Nd4 43. Re1 Rb8 44. Re4 Kh7 45. Qh5 Rb7 46. Kh2 Rg7
47. Qh3 Rg5 48. Kg1 Qg7 49. Kh2 Qf6 50. Kg1 Rg7 51. Kh2 Qg5 52. Rh4 Nf3+ 53.
Qxf3 Qxh4+ 54. Kg1 Qe1+ 55. Kh2 Qe5+ 56. Kh1 Ra7 57. g3 Qb2 58. Bc4 Ra1+ 59.
Bf1 Qb5 60. Kg2 Qxf1+ 61. Qxf1 Rxf1 62. Kxf1 Kg7 63. g4 Kf6 64. Kf2 h5 65. gxh5
Kxf5 0-1

[Event "Superettan(SodraSASS-Kristallen)"]
[Site "?"]
[Date "2019.02.02"]
[Round "5"]
[White "Lindh, Fredrik"]
[Black "Winge, Stefan"]
[Result "1-0"]
[WhiteElo "2244"]
[BlackElo "2203"]
[PlyCount "151"]
1. e4 c5 2. Nf3 e6 3. d4 cxd4 4. Nxd4 a6 5. Nc3 Qc7 6. Bd3 Nf6 7. Qe2 Nc6 8.
Nxc6 dxc6 9. f4 e5 10. f5 h5 11. Bg5 b5 12. a4 Bb7 13. axb5 axb5 14. Rxa8+ Bxa8
15. O-O Bc5+ 16. Kh1 h4 17. Ra1 Bb7 18. Be3 Qb6 19. Nd1 h3 20. g3 Bxe3 21. Qxe3
c5 22. b4 Qc6 23. Qxc5 Qxc5 24. bxc5 Nxe4 25. Bxb5+ Ke7 26. c6 Ba8 27. Ne3 Nc3
28. Ra7+ Kf6 29. Bc4 Bxc6+ 30. Kg1 Be8 31. Ra1 Ne4 32. Bd3 Nc5 33. Bc4 Bc6 34.
Ra5 Nd7 35. Ra6 Nb8 36. Ra7 Rf8 37. g4 g6 38. Kf2 gxf5 39. Nxf5 Be4 40. Ne3 Nc6
41. Rc7 Nd8 42. Rc8 Ke7 43. Bd5 Bxd5 44. Nxd5+ Kd6 45. Ne3 Ne6 46. Rxf8 Nxf8
47. Kg3 Kc5 48. c3 Kb5 49. Kxh3 Ka4 50. Kg3 Kb3 51. c4 Kc3 52. h4 Kd4 53. Kf2
e4 54. h5 Nh7 55. h6 Nf6 56. Ke2 Nh7 57. Nf5+ Kxc4 58. Ke3 Kd5 59. Kf4 f6 60.
Ne3+ Ke6 61. Kxe4 Kf7 62. Kf5 Ng5 63. Nc4 Ke7 64. Nd6 Nh7 65. Kg6 Nf8+ 66. Kg7
Ne6+ 67. Kg8 Ng5 68. h7 Nxh7 69. Nf5+ Ke6 70. Kxh7 Ke5 71. Kg6 Kf4 72. Kh5 Kf3
73. Nd6 Kf4 74. Ne8 f5 75. g5 Ke3 76. Nd6 1-0

[Event "Superettan(SodraSASS-Kristallen)"]
[Site "?"]
[Date "2019.02.02"]
[Round "5"]
[White "Furhoff, Johan"]
[Black "Walinder, Lars"]
[Result "0-1"]
[WhiteElo "2337"]
[BlackElo "2258"]
[PlyCount "62"]
1. e4 e6 2. d4 d5 3. Nc3 Nf6 4. e5 Nfd7 5. Nce2 c5 6. c3 Nc6 7. f4 cxd4 8. cxd4
Qb6 9. Nf3 f6 10. g3 Bb4+ 11. Bd2 fxe5 12. dxe5 Nc5 13. Nc3 Ne4 14. Nxe4 dxe4
15. Ng5 O-O 16. Bxb4 Qxb4+ 17. Qd2 h6 18. Nh3 Rd8 19. Qc3 Qb6 20. Nf2 Nb4 21.
Nxe4 Bd7 22. a3 Rac8 23. Qxb4 Qe3+ 24. Be2 Rc2 25. Nc3 Bc6 26. Rf1 Rdd2 27. Qc4
Rxe2+ 28. Qxe2 Rxe2+ 29. Nxe2 Bb5 30. Rf2 Bxe2 31. Rxe2 Qg1+ 0-1

[Event "Superettan(Vaxjo-Alingsas)"]
[Site "?"]
[Date "2019.01.13"]
[Round "5"]
[White "Wengholm, Anders"]
[Black "Lindberg, Bengt"]
[Result "1/2-1/2"]
[WhiteElo "2209"]
[BlackElo "2390"]
[PlyCount "192"]
[SourceDate "2019.01.20"]
1. c4 Nf6 2. g3 e6 3. Bg2 d5 4. Nf3 Be7 5. O-O O-O 6. b3 c5 7. e3 Nc6 8. Bb2 d4
9. exd4 cxd4 10. Re1 Re8 11. d3 Bc5 12. Ba3 Bxa3 13. Nxa3 e5 14. Nc2 a5 15. a3
Bf5 16. Nh4 Bg4 17. Qd2 Qc7 18. b4 Rad8 19. Rab1 b6 20. c5 axb4 21. cxb6 Qxb6
22. Nxb4 Nxb4 23. Qxb4 Qa6 24. Nf3 Nd5 25. Qb7 Qxa3 26. Nxe5 Be6 27. Nc4 Qf8
28. Qa7 Nc3 29. Rbc1 Bxc4 30. dxc4 Ne2+ 31. Rxe2 Rxe2 32. Bd5 d3 33. Rd1 d2 34.
Kg2 Qb4 35. Qd4 Rde8 36. Bf3 Re1 37. Qxd2 Qxd2 38. Rxd2 Rc1 39. Bd5 g6 40. Rb2
Re7 41. h4 h5 42. Ra2 Kg7 43. Rb2 Kf6 44. Ra2 Kf5 45. Ra5 Re5 46. Ra3 Kf6 47.
Rf3+ Rf5 48. Rxf5+ gxf5 49. Kf3 Rc3+ 50. Kf4 Rd3 51. Bf3 Rd4+ 52. Ke3 Rxc4 53.
Bxh5 f4+ 54. Kf3 fxg3 55. fxg3 Ke6 56. Kf2 f6 57. Be2 Rc2 58. Kf3 Ke5 59. Ba6
Rc3+ 60. Kf2 f5 61. Bf1 f4 62. gxf4+ Kxf4 63. Be2 Rh3 64. Ba6 Rh2+ 65. Ke1 Ke3
66. Kd1 Kd4 67. Bc8 Kc3 68. Bf5 Rxh4 69. Ke2 Rf4 70. Bc8 Re4+ 71. Kf3 Kd4 72.
Bf5 Re8 73. Kg4 Ke5 74. Bd3 Rg8+ 75. Kf3 Rg7 76. Bc2 Rc7 77. Bg6 Rc4 78. Be8
Rb4 79. Bc6 Rf4+ 80. Ke3 Rc4 81. Bd7 Rc3+ 82. Kd2 Kd4 83. Be6 Rc6 84. Bd7 Rc7
85. Be6 Re7 86. Bg4 Rg7 87. Bf3 Rh7 88. Kc2 Rh2+ 89. Kb1 Kc3 90. Be4 Rh4 91.
Bf5 Rb4+ 92. Ka1 Rb2 93. Bb1 Rf2 94. Be4 Kb3 95. Bb1 Ka3 96. Be4 Rf1+ 1/2-1/2

[Event "Superettan(Vaxjo-Alingsas)"]
[Site "?"]
[Date "2019.01.13"]
[Round "5"]
[White "Lekander, Rolf"]
[Black "Bjorklund, Thomas"]
[Result "1-0"]
[WhiteElo "2153"]
[BlackElo "2161"]
[PlyCount "113"]
1. c4 c5 2. Nc3 g6 3. Nf3 Bg7 4. g3 Nc6 5. Bg2 d6 6. O-O e6 7. e3 Nge7 8. d4
cxd4 9. exd4 d5 10. cxd5 Nxd5 11. Nxd5 Qxd5 12. Ne5 Qd6 13. Nxc6 bxc6 14. Bf4
Qd7 15. Qa4 Bb7 16. Rac1 O-O 17. Rc4 Rfd8 18. Bg5 Rdc8 19. Rfc1 h6 20. Be3 Rd8
21. b3 Rac8 22. Bxc6 Bxc6 23. Rxc6 Rxc6 24. Qxc6 Bxd4 25. Qxd7 Rxd7 26. Bxh6 e5
27. Rc2 f5 28. h4 Bb6 29. Kf1 Kf7 30. Ke2 Rd4 31. Be3 Rd6 32. b4 Bxe3 33. Kxe3
Ra6 34. Kd3 Ke6 35. Kc4 Ra3 36. b5 e4 37. Kb4 Rd3 38. a4 Kd7 39. a5 Rd4+ 40.
Kc5 Ra4 41. Rd2+ Ke6 42. Rd6+ Ke5 43. Rxg6 Ra2 44. Ra6 Rc2+ 45. Kb4 Rb2+ 46.
Kc4 Rxf2 47. Rxa7 Rb2 48. b6 Kd6 49. Kd4 Rb3 50. Rc7 Ra3 51. Rc3 Rxa5 52. Rb3
Ra8 53. Ke3 Kc6 54. b7 Rb8 55. Kf4 e3 56. Kxe3 Kc7 57. Kf4 1-0

[Event "Superettan(Vaxjo-Alingsas)"]
[Site "?"]
[Date "2019.01.13"]
[Round "5"]
[White "Andreasson, Ingvar"]
[Black "Rydstrom, Tom"]
[Result "0-1"]
[WhiteElo "2327"]
[BlackElo "2310"]
[PlyCount "76"]
1. Nf3 d5 2. e3 Nc6 3. d4 Bg4 4. c4 e5 5. dxe5 dxc4 6. Qa4 Bxf3 7. gxf3 Qd5 8.
Be2 O-O-O 9. Qxc4 Bb4+ 10. Nc3 Qxc4 11. Bxc4 Nxe5 12. Bb3 Bxc3+ 13. bxc3 Nf6
14. Ke2 Nd5 15. Bb2 Rhe8 16. Rhd1 Nf4+ 17. exf4 Nd3+ 18. Kf1 Nxb2 19. Rxd8+
Rxd8 20. Bxf7 Rd1+ 21. Rxd1 Nxd1 22. Ke2 Nxc3+ 23. Kd3 Nb5 24. Bg8 h6 25. Ke4
Nd6+ 26. Ke5 Kd7 27. Bh7 Ke7 28. h4 Ne8 29. Be4 Nd6 30. Bc2 c5 31. Kd5 b6 32.
Kc6 Nc4 33. Kb7 Na3 34. Be4 c4 35. Kxa7 b5 36. Kb6 Kd6 37. h5 c3 38. f5 b4 0-1

[Event "Superettan(Vaxjo-Alingsas)"]
[Site "?"]
[Date "2019.01.13"]
[Round "5"]
[White "Sevastianov, Andrii"]
[Black "Dahlgren, Jonas"]
[Result "1-0"]
[WhiteElo "2112"]
[BlackElo "2008"]
[PlyCount "123"]
1. c4 c5 2. g3 Nc6 3. Nc3 g6 4. Bg2 Bg7 5. Nf3 e5 6. d3 d6 7. O-O Nge7 8. a3 a5
9. Ne1 O-O 10. Nc2 Rb8 11. Ne3 Kh8 12. Ned5 Nxd5 13. Nxd5 Ne7 14. Bg5 f6 15.
Nxe7 Qxe7 16. Bd2 b6 17. b4 axb4 18. axb4 Be6 19. b5 Rfd8 20. Qb3 Qf7 21. Ra6
d5 22. cxd5 Bxd5 23. Bxd5 Qxd5 24. Qxd5 Rxd5 25. Be3 f5 26. Rfa1 h6 27. h4 Rd7
28. Ra7 Rdb7 29. Rxb7 Rxb7 30. Ra8+ Kh7 31. Rc8 h5 32. Kf1 Bf6 33. Bg5 Kg7 34.
Rc6 Bxg5 35. hxg5 Kf7 36. Rf6+ Kg7 37. Re6 e4 38. dxe4 fxe4 39. Rxe4 Kf7 40. e3
Ra7 41. Rf4+ Kg7 42. Rf6 Ra1+ 43. Kg2 Rb1 44. Rxb6 c4 45. Rb7+ Kf8 46. f4 c3
47. Rc7 c2 48. Rxc2 Rxb5 49. Rc7 Rb4 50. Kf3 Rb3 51. Rd7 Ra3 52. Ke4 Ra4+ 53.
Ke5 Ra3 54. e4 Rxg3 55. Kf6 Ke8 56. Re7+ Kd8 57. Rf7 h4 58. Kxg6 h3 59. Rh7 Rg4
60. f5 Rxe4 61. Rxh3 Ra4 62. f6 1-0

[Event "Superettan(Vaxjo-Alingsas)"]
[Site "?"]
[Date "2019.01.13"]
[Round "5"]
[White "Bergre, Joachim"]
[Black "Gonzalez, Emilio"]
[Result "1-0"]
[WhiteElo "1944"]
[BlackElo "1959"]
[PlyCount "145"]
[EventDate "2019.??.??"]
1. Nf3 c5 2. c4 Nf6 3. g3 g6 4. Bg2 Bg7 5. O-O Nc6 6. d4 cxd4 7. Nxd4 Nxd4 8.
Qxd4 O-O 9. Nc3 d6 10. Qd3 Bf5 11. e4 Be6 12. b3 a6 13. Bb2 Nd7 14. Rfd1 Rb8
15. Rab1 Ne5 16. Qe2 f5 17. Bh3 Qd7 18. exf5 Bxf5 19. Bxf5 Rxf5 20. f4 Nc6 21.
Nd5 b5 22. Bxg7 Kxg7 23. Ne3 Qa7 24. Qf2 Rf7 25. Rbc1 Qb7 26. cxb5 Qxb5 27. Rd5
Qb7 28. Qb2+ Kg8 29. Ng4 Rg7 30. Nh6+ Kf8 31. Rf1 Nb4 32. Rdd1 Rc8 33. Rf2 Qb6
34. Qd4 Qxd4 35. Rxd4 Rc1+ 36. Rf1 Rxf1+ 37. Kxf1 Nc2 38. Rd3 e5 39. Rxd6 exf4
40. Rf6+ Ke8 41. gxf4 Rd7 42. Rxa6 Rd2 43. Re6+ Kf8 44. Re2 Rd1+ 45. Kg2 Nd4
46. Rb2 Kg7 47. Ng4 h5 48. Nf2 Re1 49. b4 Ne6 50. Nh3 Nd4 51. Ng5 Kf6 52. Kf2
Rc1 53. b5 Nxb5 54. Rxb5 Rc2+ 55. Kg3 Rxa2 56. Ne4+ Kg7 57. Rb3 Ra5 58. Rb7+
Kf8 59. Ng5 Ra3+ 60. Nf3 Rc3 61. h3 Ra3 62. h4 Ra6 63. Kf2 Re6 64. Ne5 Kg8 65.
Ke3 Ra6 66. Nf3 Rc6 67. Ke4 Ra6 68. Ke5 Ra5+ 69. Kf6 Ra6+ 70. Kg5 Rc6 71. Ne5
Ra6 72. Nxg6 Ra5+ 73. Ne5 1-0

[Event "Superettan(Vaxjo-Alingsas)"]
[Site "?"]
[Date "2019.01.13"]
[Round "5"]
[White "Neretljak, Nedzad"]
[Black "Wallenas, Joakim"]
[Result "1-0"]
[WhiteElo "2140"]
[BlackElo "1963"]
[PlyCount "115"]
1. e4 e5 2. Nf3 Nc6 3. Bc4 Bc5 4. b4 Bxb4 5. c3 Ba5 6. Qb3 Qe7 7. d4 exd4 8.
O-O Nf6 9. e5 Nxe5 10. Nxe5 Qxe5 11. Bxf7+ Kf8 12. Nd2 Bxc3 13. Ba3+ c5 14.
Rae1 Qc7 15. Ne4 d6 16. Bd5 Bf5 17. Nxf6 gxf6 18. Bc1 Kg7 19. Re3 Rhe8 20. Rg3+
Kh8 21. Bh6 Re7 22. Qd1 Rae8 23. Qf3 Re1 24. Rg8+ Rxg8 25. Rxe1 Bxe1 26. Bxg8
Kxg8 27. Qd5+ Qf7 28. Qxf5 Qe7 29. Qd5+ Kh8 30. Qf5 Ba5 31. g4 Bd8 32. h4 c4
33. g5 fxg5 34. Bxg5 Qe1+ 35. Kg2 Qe8 36. Qc8 Qc6+ 37. Qxc6 bxc6 38. Bxd8 Kg7
39. Kf3 d5 40. Ke2 Kg6 41. f3 Kf5 42. Bc7 c5 43. Bd6 d3+ 44. Kd2 a6 45. a3 h5
46. a4 d4 47. Bxc5 Kf4 48. Bxd4 Kxf3 49. a5 Kg3 50. Bf6 Kf3 51. Bg5 Ke4 52. Kc3
Kd5 53. Kb4 Kd4 54. Bd2 Kd5 55. Bc3 d2 56. Bxd2 Kd4 57. Bg5 Kd3 58. Bf6 1-0

[Event "Superettan(Kungstornet-Manhem)"]
[Site "?"]
[Date "2019.01.13"]
[Round "5"]
[White "Welin, Mats"]
[Black "Lyrberg, Patrik"]
[Result "1/2-1/2"]
[WhiteElo "2328"]
[BlackElo "2452"]
[PlyCount "45"]
1. e4 e6 2. d4 d5 3. Nc3 dxe4 4. Nxe4 Bd7 5. Nf3 Bc6 6. Bd3 Nd7 7. c3 Ngf6 8.
Nxf6+ Nxf6 9. Bf4 Bd6 10. Ne5 Nd5 11. Bg3 Bxe5 12. Bxe5 Qg5 13. Qd2 Qxd2+ 14.
Kxd2 f6 15. Bg3 Kf7 16. h4 Rac8 17. f3 b5 18. Rhe1 h5 19. Re2 Bd7 20. Be4 Rhe8
21. Rae1 a5 22. Kc2 a4 23. Bh2 1/2-1/2

[Event "Superettan(Kungstornet-Manhem)"]
[Site "?"]
[Date "2019.01.13"]
[Round "5"]
[White "von Bahr, Oskar"]
[Black "Al Hadarani, Hatim"]
[Result "1-0"]
[WhiteElo "2405"]
[BlackElo "2324"]
[PlyCount "65"]
1. c4 e5 2. g3 d6 3. Bg2 c5 4. Nc3 Nc6 5. Nf3 g5 6. h3 Bg7 7. d3 h6 8. Nd2 Nge7
9. Nf1 f5 10. Ne3 Be6 11. Ned5 Ng6 12. Rb1 O-O 13. e3 Qd7 14. Bd2 Rae8 15. b4
cxb4 16. Nb5 Rc8 17. Bxb4 Nxb4 18. Rxb4 e4 19. dxe4 Ne5 20. Nxa7 fxe4 21. Bxe4
Ra8 22. Ra4 Qf7 23. f4 Nxc4 24. Rxc4 Rxa7 25. Rc7 Bd7 26. Nb6 Qe8 27. Qd5+ Be6
28. Qxd6 Bxa2 29. Re7 Qh5 30. O-O Bf6 31. Nd5 Ra6 32. Nxf6+ Rxf6 33. Qd8+ 1-0